MARC details
| 000 -LEADER |
| fixed length control field |
01956nam a22004457a 4500 |
| 001 - CONTROL NUMBER |
| control field |
1555 |
| 003 - CONTROL NUMBER IDENTIFIER |
| control field |
FISKH |
| 005 - DATE AND TIME OF LATEST TRANSACTION |
| control field |
20230906151928.0 |
| 008 - FIXED-LENGTH DATA ELEMENTS--GENERAL INFORMATION |
| fixed length control field |
230906b cb ||||| |||| 00| 0 eng d |
| 020 ## - INTERNATIONAL STANDARD BOOK NUMBER |
| International Standard Book Number |
9781626862364 |
| 020 ## - INTERNATIONAL STANDARD BOOK NUMBER |
| International Standard Book Number |
9788175994478 |
| 020 ## - INTERNATIONAL STANDARD BOOK NUMBER |
| International Standard Book Number |
1626862362 |
| 040 ## - CATALOGING SOURCE |
| Original cataloging agency |
DLC |
| Language of cataloging |
eng |
| Transcribing agency |
DLC |
| Description conventions |
rda |
| Modifying agency |
DLC |
| -- |
FISKH |
| 042 ## - AUTHENTICATION CODE |
| Authentication code |
pcc |
| 043 ## - GEOGRAPHIC AREA CODE |
| Geographic area code |
n-us--- |
| -- |
n-us-la |
| 050 00 - LIBRARY OF CONGRESS CALL NUMBER |
| Classification number |
E444 |
| Item number |
.N87 2014 |
| 082 00 - DEWEY DECIMAL CLASSIFICATION NUMBER |
| Classification number |
306.3/62092 |
| -- |
B |
| Edition number |
23 |
| 100 1# - MAIN ENTRY--PERSONAL NAME |
| Personal name |
Northup, Solomon, |
| Dates associated with a name |
1808-1863? |
| 240 10 - UNIFORM TITLE |
| Uniform title |
Twelve years a slave |
| 245 10 - TITLE STATEMENT |
| Title |
12 years a slave : |
| Remainder of title |
A true story / |
| Statement of responsibility, etc. |
Solomon Northup. |
| 264 #1 - PRODUCTION, PUBLICATION, DISTRIBUTION, MANUFACTURE, AND COPYRIGHT NOTICE |
| Place of production, publication, distribution, manufacture |
New Delhi : |
| Name of producer, publisher, distributor, manufacturer |
Prakash Books, |
| Date of production, publication, distribution, manufacture, or copyright notice |
2022 |
| 300 ## - PHYSICAL DESCRIPTION |
| Extent |
xii, 255 pages : |
| Dimensions |
20 cm |
| 336 ## - CONTENT TYPE |
| Content type term |
text |
| Source |
rdacontent |
| 337 ## - MEDIA TYPE |
| Media type term |
unmediated |
| Source |
rdamedia |
| 338 ## - CARRIER TYPE |
| Carrier type term |
volume |
| Source |
rdacarrier |
| 500 ## - GENERAL NOTE |
| General note |
Originally published: Auburn, N.Y. : Derby and Miller, 1853. |
| 520 ## - SUMMARY, ETC. |
| Summary, etc. |
Solomon Northup's 12 Years a Slave recounts the author's life story as a free black man from the North who was kidnapped and sold into slavery in the pre-Civil War South. The son of an emancipated slave, Northup was born free. He lived, worked, and married in upstate New York, where his family resided. |
| 521 8# - TARGET AUDIENCE NOTE |
| Target audience note |
1200 <br/> |
| Source |
Lexile |
| 600 10 - SUBJECT ADDED ENTRY--PERSONAL NAME |
| Personal name |
Northup, Solomon, |
| Dates associated with a name |
1808-1863? |
| 650 #0 - SUBJECT ADDED ENTRY--TOPICAL TERM |
| Topical term or geographic name entry element |
Enslaved persons |
| Geographic subdivision |
United States |
| Form subdivision |
Biography. |
| 650 #0 - SUBJECT ADDED ENTRY--TOPICAL TERM |
| Topical term or geographic name entry element |
Enslaved persons' writings, American. |
| 650 #0 - SUBJECT ADDED ENTRY--TOPICAL TERM |
| Topical term or geographic name entry element |
African Americans |
| Form subdivision |
Biography. |
| 650 #0 - SUBJECT ADDED ENTRY--TOPICAL TERM |
| Topical term or geographic name entry element |
Plantation life |
| Geographic subdivision |
Louisiana |
| General subdivision |
History |
| Chronological subdivision |
19th century. |
| 650 #0 - SUBJECT ADDED ENTRY--TOPICAL TERM |
| Topical term or geographic name entry element |
Slavery |
| Geographic subdivision |
Louisiana |
| General subdivision |
History |
| Chronological subdivision |
19th century. |
| 856 42 - ELECTRONIC LOCATION AND ACCESS |
| Materials specified |
Contributor biographical information |
| Uniform Resource Identifier |
<a href="http://www.loc.gov/catdir/enhancements/fy1502/2013049942-b.html">http://www.loc.gov/catdir/enhancements/fy1502/2013049942-b.html</a> |
| 856 42 - ELECTRONIC LOCATION AND ACCESS |
| Materials specified |
Publisher description |
| Uniform Resource Identifier |
<a href="http://www.loc.gov/catdir/enhancements/fy1502/2013049942-d.html">http://www.loc.gov/catdir/enhancements/fy1502/2013049942-d.html</a> |
| 906 ## - LOCAL DATA ELEMENT F, LDF (RLIN) |
| a |
7 |
| b |
cbc |
| c |
orignew |
| d |
1 |
| e |
ecip |
| f |
20 |
| g |
y-gencatlg |
| 942 ## - ADDED ENTRY ELEMENTS (KOHA) |
| Source of classification or shelving scheme |
Dewey Decimal Classification |
| Koha item type |
Books |
| Suppress in OPAC |
No |